College Quizbowl Stats
College Quizbowl Stats
Circuits
Seasons
Sets
Records
Detailed Stats
About
Loading...
2023 Penn Bowl (Harvard)
Tossups
Bonuses
Players
Teams
Categories (Tossup)
Categories (Bonus)
Harrison Sugarman
Brandeis A
Categories
Category
Powers
Gets
Negs
BBs
Points
Earliest Buzz
Avg. Buzz
First Buzzes
Top 3 Buzzes
Religion
1
2
0
0
35
70
97.33
0
3
History - American History
0
1
0
0
10
101
101.00
0
1
Philosophy
0
1
0
0
10
127
127.00
0
1
Literature - British Literature
0
0
1
0
-5
0.00
0
0
Buzzes
Category
Answer
Value
Buzz Position
Religion
Temptation of Christ
15
70
Religion
Sephardim
10
99
History - American History
Long Island
10
101
Religion
Powwow
10
123
Philosophy
Karl Marx
10
127
Literature - British Literature
Waverley; or, ’Tis Sixty Years Since
-5
133
Previous
1
Next